00872cam a2200241 a 450000100100000000500170001000800410002704000290006808200190009710000390011624500600015526000480021530000210026358600510028465000260033565000300036165000520039191000340044391000070047704900090048495201220049399900150061500000883220200929161424.0800911s1978 cu 000 f spa d aDO-SdBNPbspacLCdBNPHU aU863.44bG152d1 aGaleano, Eduardo H.,d1940-92335610aDías y noches de amor y de guerra /cEduardo Galeano. aLa Habana :bCasa de las Américas,c1978. a219 p. ;c19 cm. aPremio Casa de las Américas 1978. Testimonio 4aNovela uruguaya95679 4aLiteratura uruguaya93054 4aAutores uruguayosySIGLO XXxBiografía923387 aCatalogación por copia / LC aWM aGNGR 001054708MOaGRbGRcHDd2009-09-18iLF1l0oU863.44 G152dp8832-10r2020-06-25w2020-06-25y4ZPréstamo en sala c8601d8601